| 000 | 02291nam a2200349 4500 | ||
|---|---|---|---|
| 003 | EC-UNACH | ||
| 005 | 20260410161919.0 | ||
| 006 | s||||gr|||| 00| 00 | ||
| 008 | 150116t9999 mx r gr 000 0 spa d | ||
| 020 | _a978-9942-584-17-5 | ||
| 040 |
_aEC-UNACH _cEC-UNACH |
||
| 041 | _aspa | ||
| 082 | 0 | 4 |
_223 _a658 _bL018625 |
| 100 | _aPuente Riofrío, Mariana Isabel / Uquillas Granizo, Gilma Gabriela / Zapata García, Juliana / Tigse Olovacha, Freddy / Dávalos Mayorga, Eduardo Ramiro / Villavicencio Rodríguez, Ana Paula | ||
| 245 | _aLa dirección, inclusión e inversión en las empresas | ||
| 250 | _aPrimera edición | ||
| 264 |
_aRiobamba - Ecuador _bUniversidad Nacional de Chimborazo _c2025 |
||
| 264 | _aProducción - UNACH | ||
| 300 |
_a94 páginas _bfiguras, tablas; |
||
| 501 | _aEl libro presenta al lector un conjunto de elementos administrativos relacionados con la dirección, inclusión e inversión en las empresas, con el objetivo de fomentar del avance teórico y práctico. La metodología utilizada fue producto de una revisión bibliográfica y de la aplicación de instrumentos de recogida de información. Los resultados muestran que existe un avance significativo en la aplicación de estrategias para la dirección de las empresas; resulta relevante el papel de los trabajadores en la economía de un país, aunque desarrollen actividades relacionadas con la informalidad; son importantes también las inversiones y, para ello, los proyectos con enfoque social que respondan a las necesidades de las comunidades o localidades. | ||
| 505 | _aCapítulo 1. Dirección estratégica: importancia, desafíos y oportunidades en la era actual -- Capítulo 2. Comercio justo y la inclusión económica de los trabajadores informales -- Capítulo 3. Proyectos de inversión: Un enfoque social caso Ecuador | ||
| 650 | _aESTRATEGIA | ||
| 650 | _aCOMERCIO | ||
| 650 | _aINVERSIÓN SOCIAL | ||
| 650 | _aECONOMÍA | ||
| 650 | _aINFORMALIDAD | ||
| 856 |
_uhttps://editorial.unach.edu.ec/index.php/Editorial/catalog/book/283 _yLibro Digital - La dirección, inclusión e inversión en las empresas |
||
| 942 |
_2ddc _cEBOOK |
||
| 999 | _c14488 | ||